Management Control Systems

Salvato in:
Dettagli Bibliografici
Autore principale: Anthony, Robert N.
Altri autori: Dearden, John, Govindarajan, Vijay
Natura: Libro
Lingua:inglese
Pubblicazione: Homewood IRWIN 1992
Edizione:7. ed.
Soggetti:
Tags: Aggiungi Tag
Nessun Tag, puoi essere il primo ad aggiungerne!!

MARC

LEADER 00000nam a2200000 4500
001 c014387
005 20221206084759.7
020 |a 0-256-10472-7 
041 0 |a eng 
044 |a US 
245 1 0 |a Management Control Systems  |c Robert N. Anthony, John Dearden, Vijay Govindarajan 
250 |a 7. ed. 
264 1 |a Homewood  |b IRWIN  |c 1992 
300 |a 1033 s. 
610 2 0 |a manažment 
610 2 0 |a kontrola 
610 2 0 |a manažéri 
610 2 0 |a systémy riadenia 
100 1 |a Anthony, Robert N. 
700 1 |a Dearden, John 
700 1 |a Govindarajan, Vijay